Welcome to CU Library Online Public Access Catalogue (OPAC)

ANIMAL HEALTH; (Record no. 7772)

MARC details
000 -LEADER
fixed length control field 00385nam a22001457a 4500
005 - DATE AND TIME OF LATEST TRANSACTION
control field 20250926153112.0
008 - FIXED-LENGTH DATA ELEMENTS--GENERAL INFORMATION
fixed length control field 250926b |||||||| |||| 00| 0 eng d
020 ## - INTERNATIONAL STANDARD BOOK NUMBER
International Standard Book Number 9780333612026
050 ## - LIBRARY OF CONGRESS CALL NUMBER
Classification number SF774
Item number .4 HUN
100 ## - MAIN ENTRY--PERSONAL NAME
Personal name HUNTER ARCHIE
245 ## - TITLE STATEMENT
Title ANIMAL HEALTH;
Remainder of title GENERAL PRINCIPLES
260 ## - PUBLICATION, DISTRIBUTION, ETC.
Place of publication, distribution, etc. OXFORD
Name of publisher, distributor, etc. MACMILLAN PUBLISHERS LTD
Date of publication, distribution, etc. 1996
300 ## - PHYSICAL DESCRIPTION
Extent viii, 167p
942 ## - ADDED ENTRY ELEMENTS (KOHA)
Source of classification or shelving scheme Library of Congress Classification
Koha item type Books
Suppress in OPAC No
999 ## -
-- 7772
-- 7772
Holdings
Withdrawn status Lost status Source of classification or shelving scheme Damaged status Not for loan Collection Home library Current library Shelving location Date acquired Total checkouts Full call number Barcode Date last seen Copy number Price effective from Koha item type
    Library of Congress Classification     Non-fiction Undergraduate Library (Christ Temple) Undergraduate Library (Christ Temple) General stacks 09/26/2025   SF774.4 HUN ULCT00005096 09/26/2025 1 09/26/2025 Books
    Library of Congress Classification     Non-fiction Undergraduate Library (Christ Temple) Undergraduate Library (Christ Temple) General stacks 09/26/2025   SF774.4 HUN ULCT00005097 09/26/2025 2 09/26/2025 Books
© 2023-2024 Copyright: Central University Libraries. All Rights Reserved | Created by: Mahone Tech Office